| 000 | 00753nas a22002177a 4500 | ||
|---|---|---|---|
| 005 | 20260515142215.0 | ||
| 008 | 260515d20152025porq||p| |||| 00| z|por|d | ||
| 040 | _cBR-ViAPE | ||
| 245 | _aEkletica | ||
| 260 |
_aVitória _bCosta, Luciene _c2015-2025 |
||
| 300 |
_av. _bil. |
||
| 310 | _aTrimestral | ||
| 362 | _aAno 1, n. 1 (maio 2015) - (ago. 2025). | ||
| 500 | _aDisponibilizada apenas a imagem da capa na versão digital, em virtude de restrições de direitos autorais. | ||
| 500 | _aColeção incompleta: disponíveis apenas alguns números do periódico. | ||
| 650 |
_2Turismo _xModa _xViagem _zEspírito Santo |
||
| 651 |
_aEspírito Santo (Brasil) _vPeriódicos |
||
| 700 |
_aCosta, Luciene _eEditora |
||
| 942 |
_2ddc _cPER _n1 |
||
| 999 |
_c687 _d687 |
||